000 00712nam a22001577a 4500
003 OSt
005 20150924151535.0
008 150924b xxu||||| |||| 00| 0 eng d
040 _cRUA
082 _aAGR PIC 2012 B052 Or.1
100 _91267
_aPICH PUTHPANNHA
245 _aEvaluating the effectiveness of the rice seed packagin on germination rate and storage period,(ការប្រៀបធៀបប្រសិទ្ធភាពរបស់បរិក្ខាទុកដាក់គ្រាប់ពូជស្រូវលើអត្រាដំណុះ និងរយះពេលទុកដាក់)
260 _aphnom penh
_bRUA
_c2012
300 _ax, 41p.
_cill.
_g29cm.
942 _2ddc
_cAGR
999 _c1199
_d1199